| 000 | 00895nab a22002297a 4500 | ||
|---|---|---|---|
| 999 |
_c6387 _d6387 |
||
| 003 | OSt | ||
| 005 | 20260201160721.0 | ||
| 008 | 190506c xxu||||| |||| 00| 0 spa d | ||
| 040 | _cPJ | ||
| 100 |
_96999 _aJozami Delibasich, José Emilio |
||
| 245 | 1 | 3 |
_aEl reencuadre de la mediación _bla mediación en el deporte / _cJosé Emilio Jozami Delibasich. |
| 260 |
_aBuenos Aires : _bAbeledoPerrot, _c2023. |
||
| 300 | _ap. 3-6 | ||
| 500 | _aCita: TR LALEY AR/DOC/1829/2023 | ||
| 505 | _t¿Te interesa el texto completo? Comunicate al correo: koha@justierradelfuego.gov.ar | ||
| 650 | 0 |
_93725 _aDEPORTES |
|
| 650 | 0 |
_9268 _aMÉTODOS ALTERNATIVOS DE SOLUCION DE CONFLICTOS |
|
| 650 | 0 |
_9269 _aMEDIACION |
|
| 650 | 0 |
_93310 _aCONCILIACIÓN |
|
| 773 | 0 |
_02751 _93202 _dBuenos Aires : AbeledoPerrot, 2013- _tRevista de derecho laboral y seguridad social. Nº 18 - Septiembre 2023 |
|
| 942 |
_2udc _cANA |
||